000
00297nam a2200121Ia 4500
005
20251222144752.0
008
251222s9999||||xx |||||||||||||| ||spa||
082
_a
869.56/B66
100
_a
Bobadilla Rodríguez, Francisco
245
0
_a
Pasión por la Excelencia:
264
_b
Came
942
_c
LIB
999
_c
19399
_d
19399